NĚKOLIK SLOV K TERORISMU

Bibliographic Details
Main Author: Lukeš, Daniel (Author)
Format: Article
Language:Czech

MARC

LEADER 00000nab a2200000ua 4500
001 vtls010794914
003 SK-MaSNL
005 20260303102602.0
008 230121s2001 xo |||||||||||||||||cze|
035 |a (urnnbn)urn:nbn:sk:snk:ar-a04gcp 
035 |a (uuid)ec65c7ef-c447-4d53-9e2c-3d802d2c9454 
035 |a urn:nbn:sk:snk-ab4rpp 
040 |a SNKBUCL  |b slo  |c SNKBUCL  |e AACR2 
041 0 |a cze 
044 |a xo  |c SK 
100 1 |a Lukeš, Daniel  |4 aut  |9 1115880 
245 1 0 |a NĚKOLIK SLOV K TERORISMU  |c Daniel Lukeš 
773 0 |t Listy SFPA : spravodaj Slovenskej spoločnosti pre zahraničnú politiku  |g Č. 11 (2001), s. 11 
954 |a odborná, vedecká literatúra cudzojazyčná (svetová)  |2 lita 
958 |a OND 
958 |a EUIPO 
958 |a article3 
999 |c 1843376  |d 1845306